Library Logo

Pioneer International University Library Catalogue

MASKINI MILIONEA (Record no. 9652)

MARC details
000 -LEADER
fixed length control field 00424nam a22001457a 4500
003 - CONTROL NUMBER IDENTIFIER
control field OSt
005 - DATE AND TIME OF LATEST TRANSACTION
control field 20251021074905.0
008 - FIXED-LENGTH DATA ELEMENTS--GENERAL INFORMATION
fixed length control field 251021b |||||||| |||| 00| 0 eng d
020 ## - INTERNATIONAL STANDARD BOOK NUMBER
International Standard Book Number 9780195738056
040 ## - CATALOGING SOURCE
Transcribing agency OXFORD UNIVERSITY PRESS
050 ## - LIBRARY OF CONGRESS CALL NUMBER
Classification number PL 8702 .W35 2012
245 ## - TITLE STATEMENT
Title MASKINI MILIONEA
Remainder of title NA HADITHI NYINGINE
Statement of responsibility, etc. WALIBORA, KEN
260 ## - PUBLICATION, DISTRIBUTION, ETC.
Place of publication, distribution, etc. NAIROBI KENYA
Name of publisher, distributor, etc. OXFORD UNIVERSITY PRESS EAST AFRICA
Date of publication, distribution, etc. 2012
942 ## - ADDED ENTRY ELEMENTS (KOHA)
Source of classification or shelving scheme Library of Congress Classification
Koha item type Books
Suppress in OPAC No

No items available.